[Event "Catalunya-chT Gp1"]
[Site "Barcelona"]
[Date "2017.02.04"]
[Round "3.10"]
[White "Colls Gelaberto, Emilio"]
[Black "Pueyo Burrel, David"]
[Result "1-0"]
[WhiteElo "2058"]
[BlackElo "2145"]
[PlyCount "81"]
[EventDate "2017.01.21"]
[EventType "team-tourn"]
[EventRounds "7"]
[EventCountry "ESP"]
[SourceTitle "CBM 176 Extra"]
[Source "ChessBase"]
[SourceDate "2017.03.02"]
[SourceVersion "1"]
[SourceVersionDate "2017.03.02"]
[SourceQuality "1"]
[WhiteTeam "Figueres"]
[BlackTeam "Sant Andreu"]
[WhiteTeamCountry "ESP"]
[BlackTeamCountry "ESP"]

1. Nf3 g6 2. c4 Bg7 3. Nc3 c6 4. d4 d6 5. e4 Nf6 6. Be2 0-0 7. 0-0 e5 8. h3 Na6 9. Bg5 h6 10. Be3 exd4 11. Nxd4 Re8 12. Bf3 Nc5 13. Qc2 a5 14. Rad1 Qe7 15. Rfe1 Nfd7 16. Nb3 Nxb3 17. axb3 Nc5 18. Re2 Be5 19. Na4 Nxa4 20. bxa4 Qf6 21. Qd2 Bxh3 22. Bxh6 Be6 23. b3 Kh7 24. Bg5 Qh8 25. Bf4 Kg7 26. Bxe5+ dxe5 27. Qd6 Kf6 28. Red2 Qh6 29. g3 Re7 30. Qc5 Rh8 31. Rd6 Qg5 32. Qxa5 Qh6 33. Kf1 Ree8 34. Ke2 Qf8 35. Qd2 Rh2 36. Rd8 Rh8 37. Rd6 Kg7 38. a5 Qe7 39. Qc3 f6 40. a6 Bd5 41. c5 1-0

[Event "Catalunya-chT Gp2"]
[Site "Barcelona"]
[Date "2016.02.20"]
[Round "5.1"]
[White "Gallart Zafra, Jaume"]
[Black "Pueyo Burrel, David"]
[Result "1/2-1/2"]
[WhiteElo "2186"]
[BlackElo "2183"]
[PlyCount "23"]
[EventDate "2016.01.23"]
[EventType "team-tourn"]
[EventRounds "7"]
[EventCountry "ESP"]
[SourceTitle "EXT 2017"]
[Source "ChessBase"]
[SourceDate "2016.10.25"]
[SourceVersion "1"]
[SourceVersionDate "2016.10.25"]
[SourceQuality "1"]
[WhiteTeam "Tres Peons"]
[BlackTeam "Sant Andreu"]
[WhiteTeamCountry "ESP"]
[BlackTeamCountry "ESP"]

1. e4 c5 2. Nf3 Nc6 3. c3 Nf6 4. Bd3 d5 5. e5 Nd7 6. Qe2 e6 7. 0-0 Qc7 8. Re1 Be7 9. Bc2 a6 10. a4 0-0 11. Na3 f6 12. exf6 1/2-1/2

[Event "Catalunya-chT Gp2"]
[Site "Barcelona"]
[Date "2016.01.30"]
[Round "2.4"]
[White "Iglesias Ojeda, Fernando"]
[Black "Pueyo Burrel, David"]
[Result "1/2-1/2"]
[WhiteElo "2070"]
[BlackElo "2183"]
[PlyCount "141"]
[EventDate "2016.01.23"]
[EventType "team-tourn"]
[EventRounds "7"]
[EventCountry "ESP"]
[SourceTitle "CBM 170 Extra"]
[Source "ChessBase"]
[SourceDate "2016.02.25"]
[SourceVersion "1"]
[SourceVersionDate "2016.02.25"]
[SourceQuality "1"]
[WhiteTeam "Sant Boi"]
[BlackTeam "Sant Andreu"]
[WhiteTeamCountry "ESP"]
[BlackTeamCountry "ESP"]

1. d4 g6 2. Nf3 Bg7 3. Bf4 d6 4. e3 Nd7 5. Bc4 e6 6. 0-0 Ne7 7. c3 0-0 8. Nbd2 d5 9. Bb3 c5 10. Re1 b6 11. e4 Bb7 12. e5 Rc8 13. Nf1 Nc6 14. Qd2 f6 15. exf6 Qxf6 16. Bg5 Qf7 17. Bh6 Rce8 18. Bxg7 Qxg7 19. Re3 Nf6 20. Ng5 Nd8 21. f3 Qh6 22. Re5 Ba6 23. Ne4 Qxd2 24. Nxf6+ Kf7 25. Nxd2 Kxf6 26. Rae1 Nc6 27. R5e3 cxd4 28. cxd4 Nxd4 29. Kf2 Nxb3 30. Rxb3 Bb7 31. Rd3 a6 32. Rb3 b5 33. a4 Bc6 34. Rc3 Rc8 35. Rec1 Bd7 36. a5 e5 37. Nb3 Rxc3 38. Rxc3 Rc8 39. Nc5 Ke7 40. Nxa6 Ra8 41. Nb4 Rxa5 42. Nxd5+ Kd6 43. Nf6 Be6 44. Nxh7 Ra2 45. Rc2 Bf5 46. Rd2+ Kc6 47. g4 Bb1 48. Nf8 b4 49. Ke3 b3 50. Nd7 Ra5 51. h4 Bc2 52. h5 gxh5 53. gxh5 e4 54. fxe4 Rxh5 55. Nf6 Ra5 56. Nd5 Ra4 57. Nc3 Rc4 58. Rxc2 bxc2 59. Kd2 Kc5 60. Kxc2 Kd4 61. Kd2 Rc5 62. Kc2 Kc4 63. Kd2 Kb3 64. Nd1 Rh5 65. Kd3 Rh3+ 66. Ne3 Kxb2 67. Kd4 Rh4 68. Kd5 Kc3 69. e5 Rh5 70. Kd6 Kd4 71. e6 1/2-1/2

[Event "Catalunya-chT Gp2"]
[Site "Barcelona"]
[Date "2015.01.31"]
[Round "2.3"]
[White "Pueyo Burrel, David"]
[Black "Garcia Rubio, Jose Antonio"]
[Result "1/2-1/2"]
[WhiteElo "2167"]
[BlackElo "2127"]
[PlyCount "74"]
[EventDate "2015.01.24"]
[EventType "team-tourn"]
[EventRounds "7"]
[EventCountry "ESP"]
[SourceTitle "CBM 164 Extra"]
[Source "ChessBase"]
[SourceDate "2015.03.02"]
[SourceVersion "1"]
[SourceVersionDate "2015.03.02"]
[SourceQuality "1"]
[WhiteTeam "Sant Andreu"]
[BlackTeam "Terrassa"]
[WhiteTeamCountry "ESP"]
[BlackTeamCountry "ESP"]

1. e4 e6 2. d4 d5 3. Nc3 Nf6 4. e5 Nfd7 5. f4 c5 6. Nf3 Nc6 7. Be3 cxd4 8. Nxd4 Bc5 9. Qd2 Nxd4 10. Bxd4 a6 11. 0-0-0 Bxd4 12. Qxd4 Qb6 13. Qxb6 Nxb6 14. a4 Bd7 15. b3 Bc6 16. Kb2 Ke7 17. Be2 g6 18. Bf3 h5 19. Rd4 Rac8 20. g3 Rc7 21. a5 Nd7 22. Na2 Nc5 23. Nb4 Rhc8 24. c4 dxc4 25. Nxc6+ bxc6 26. Rxc4 Nb7 27. Rhc1 Nxa5 28. Ra4 Nb7 29. Rxa6 Nd8 30. Rc5 Kd7 31. Kc3 Rb8 32. Rca5 Nb7 33. Ra1 Nc5 34. Rd1+ Ke7 35. Ra3 Nd7 36. Rd4 Nb6 37. b4 Nd5+ 1/2-1/2

[Event "Catalunya-chT Gp2"]
[Site "Barcelona"]
[Date "2015.01.24"]
[Round "1.3"]
[White "Valencia Jimenez, Jose"]
[Black "Pueyo Burrel, David"]
[Result "1/2-1/2"]
[WhiteElo "2035"]
[BlackElo "2167"]
[PlyCount "38"]
[EventDate "2015.01.24"]
[EventType "team-tourn"]
[EventRounds "7"]
[EventCountry "ESP"]
[SourceTitle "CBM 164 Extra"]
[Source "ChessBase"]
[SourceDate "2015.03.02"]
[SourceVersion "1"]
[SourceVersionDate "2015.03.02"]
[SourceQuality "1"]
[WhiteTeam "Cerdanyola Valles"]
[BlackTeam "Sant Andreu"]
[WhiteTeamCountry "ESP"]
[BlackTeamCountry "ESP"]

1. Nf3 Nf6 2. g3 g6 3. Bg2 Bg7 4. c4 0-0 5. 0-0 c6 6. Nc3 d6 7. Rb1 e5 8. d3 h6 9. b4 Re8 10. b5 d5 11. bxc6 bxc6 12. cxd5 cxd5 13. d4 e4 14. Ne5 Nbd7 15. Bf4 Nb6 16. Nc6 Qd7 17. Ne5 Qd8 18. Nc6 Qd7 19. Ne5 Qd8 1/2-1/2

[Event "Catalunya-chT"]
[Site "Catalunya"]
[Date "2014.03.29"]
[Round "10.3"]
[White "Vigoa Apecheche, Yanira"]
[Black "Pueyo Burrel, David"]
[Result "1-0"]
[WhiteElo "2321"]
[BlackElo "2167"]
[PlyCount "81"]
[EventDate "2014.01.25"]
[EventType "team"]
[EventRounds "11"]
[EventCountry "ESP"]
[SourceTitle "EXT 2015"]
[Source "ChessBase"]
[SourceDate "2014.11.20"]
[SourceVersion "1"]
[SourceVersionDate "2014.11.20"]
[SourceQuality "1"]
[WhiteTeam "Figueres"]
[BlackTeam "Sant Andreu"]
[WhiteTeamCountry "ESP"]
[BlackTeamCountry "ESP"]

1. d4 g6 2. c4 Nf6 3. g3 Bg7 4. Bg2 0-0 5. Nc3 d6 6. Nf3 c6 7. 0-0 Qa5 8. h3 Nbd7 9. e4 e5 10. dxe5 dxe5 11. Be3 Rd8 12. Qc2 Nf8 13. c5 Ne6 14. Rfd1 Rxd1+ 15. Rxd1 Nd7 16. a3 Ndf8 17. Na4 Bd7 18. b4 Qc7 19. Nb2 b5 20. cxb6 axb6 21. a4 c5 22. b5 Rc8 23. Nd2 Nd4 24. Bxd4 cxd4 25. Qxc7 Rxc7 26. Ndc4 Rb7 27. f4 f6 28. fxe5 fxe5 29. Nd3 Be6 30. Ndxe5 Nd7 31. Nd6 Rc7 32. Nc6 Bb3 33. Rf1 d3 34. Ne8 d2 35. Bf3 Ne5 36. Bd1 Bxd1 37. Rxd1 Rc8 38. Ne7+ Kf7 39. Nxc8 Kxe8 40. Nxb6 Bh6 41. Kf1 1-0

[Event "Catalunya-chT Honor"]
[Site "Catalunya"]
[Date "2013.04.06"]
[Round "10.4"]
[White "Gual Pascual, Antonio"]
[Black "Pueyo Burrel, David"]
[Result "1-0"]
[WhiteElo "2480"]
[BlackElo "2175"]
[PlyCount "91"]
[EventDate "2013.01.19"]
[EventType "team-tourn"]
[EventRounds "11"]
[EventCountry "ESP"]
[SourceTitle "EXT 2014"]
[Source "ChessBase"]
[SourceDate "2013.11.20"]
[SourceVersion "1"]
[SourceVersionDate "2013.11.20"]
[SourceQuality "1"]
[WhiteTeam "Barcelona Escola Escacs"]
[BlackTeam "Sant Andreu"]
[WhiteTeamCountry "ESP"]
[BlackTeamCountry "ESP"]

1. d4 Nf6 2. c4 g6 3. Nc3 Bg7 4. e4 d6 5. f3 0-0 6. Be3 Nc6 7. Nge2 a6 8. Qd2 Rb8 9. Rc1 Bd7 10. Nd1 e5 11. d5 Ne7 12. g3 c5 13. b4 b6 14. Bg2 Qc8 15. Nf2 h5 16. 0-0 Kh7 17. Rb1 Qc7 18. Nd3 Neg8 19. Qc3 Rfc8 20. bxc5 bxc5 21. Qa3 a5 22. Nc3 Bh6 23. Bf2 Rb4 24. Nb5 Bxb5 25. cxb5 Rxb1 26. Rxb1 c4 27. b6 Qb8 28. Ne1 Bd2 29. Bh3 Rd8 30. Nc2 g5 31. Bf5+ Kg7 32. Rd1 c3 33. Qxa5 Ne7 34. Rxd2 cxd2 35. Qxd2 g4 36. Nb4 Qb7 37. Nc6 Ra8 38. Nxe7 Qxe7 39. Qg5+ Kf8 40. fxg4 hxg4 41. b7 Qxb7 42. Qxf6 Qb1+ 43. Kg2 Qd1 44. Qh8+ Ke7 45. Qh4+ Kf8 46. Bxg4 1-0

[Event "Catalunya-chT Honor"]
[Site "Catalunya"]
[Date "2013.03.16"]
[Round "9.6"]
[White "Pueyo Burrel, David"]
[Black "Jose Queralto, Daniel"]
[Result "1-0"]
[WhiteElo "2175"]
[BlackElo "2210"]
[PlyCount "27"]
[EventDate "2013.01.19"]
[EventType "team-tourn"]
[EventRounds "11"]
[EventCountry "ESP"]
[SourceTitle "EXT 2014"]
[Source "ChessBase"]
[SourceDate "2013.11.20"]
[SourceVersion "1"]
[SourceVersionDate "2013.11.20"]
[SourceQuality "1"]
[WhiteTeam "Sant Andreu"]
[BlackTeam "Andorra"]
[WhiteTeamCountry "ESP"]
[BlackTeamCountry "AND"]

1. e4 e5 2. Nf3 Nf6 3. Nc3 Nc6 4. Bb5 Nd4 5. Ba4 c6 6. Nxe5 d5 7. exd5 b5 8. Nxc6 Qb6 9. Nxd4 Qxd4 10. Bxb5+ Kd8 11. d3 Bg4 12. Be3 Qb4 13. Qd2 Qxb2 14. Rb1 1-0

[Event "Catalunya-chT"]
[Site "Barcelona"]
[Date "2011.02.26"]
[Round "5"]
[White "Pueyo Burrel, David"]
[Black "Bosque Ortega, Xavier"]
[Result "0-1"]
[WhiteElo "2156"]
[BlackElo "2261"]
[PlyCount "84"]
[EventDate "2011.01.29"]
[EventType "team-tourn"]
[EventRounds "11"]
[EventCountry "ESP"]
[SourceTitle "EXT 2012"]
[Source "ChessBase"]
[SourceDate "2011.11.24"]
[SourceVersion "1"]
[SourceVersionDate "2011.11.24"]
[SourceQuality "1"]
[WhiteTeam "San Andreu"]
[BlackTeam "Barbera"]
[WhiteTeamCountry "ESP"]
[BlackTeamCountry "ESP"]

1. e4 c6 2. Nc3 d5 3. d4 g6 4. h3 Bg7 5. Nf3 dxe4 6. Nxe4 Nd7 7. Bc4 Ngf6 8. Nxf6+ Nxf6 9. 0-0 0-0 10. Re1 b5 11. Bb3 Qc7 12. Bg5 Bb7 13. Qe2 e6 14. Ne5 Nd5 15. Bh4 Nf4 16. Qg4 Nxg2 17. Qxg2 c5 18. Qf1 c4 19. Bg3 Bxe5 20. Rxe5 Qc6 21. Kh2 cxb3 22. cxb3 Rac8 23. Rae1 Qf3 24. R5e3 Qd5 25. Re5 Qf3 26. R5e3 Qc6 27. Re5 Rfd8 28. Rc5 Qd7 29. Qxb5 Bc6 30. Qc4 Ba8 31. Be5 Qb7 32. Rg1 Qf3 33. Bg3 Bb7 34. b4 Rxc5 35. bxc5 Bc6 36. Qc3 Qf5 37. Qe3 Rd5 38. Be5 f6 39. Bd6 e5 40. Qb3 Kg7 41. Qb8 Rxd6 42. Qc7+ Kh6 0-1

[Event "ESP-ch U18"]
[Site "Padron"]
[Date "2008.07.30"]
[Round "6"]
[White "Crespo Ramos, Maria"]
[Black "Pueyo Burrel, David"]
[Result "0-1"]
[WhiteElo "1560"]
[BlackElo "2126"]
[PlyCount "66"]
[EventDate "2008.07.27"]
[EventType "swiss"]
[EventRounds "9"]
[EventCountry "ESP"]
[SourceTitle "CBM 125 Extra"]
[Source "ChessBase"]
[SourceDate "2008.09.01"]
[SourceVersion "1"]
[SourceVersionDate "2008.09.01"]
[SourceQuality "1"]

1. e4 c5 2. Nf3 Nc6 3. d4 cxd4 4. Nxd4 g6 5. Nc3 Bg7 6. Be3 Nf6 7. f3 0-0 8. Bc4 d6 9. Qd2 Bd7 10. h4 Rc8 11. Bb3 h5 12. 0-0-0 Ne5 13. Bg5 Rc5 14. Nde2 b5 15. f4 Neg4 16. Ng3 a5 17. a3 b4 18. axb4 axb4 19. Nd5 Nxd5 20. Bxd5 Qa5 21. Kb1 Bxb2 22. Kxb2 Qa3+ 23. Kb1 Ra5 24. Qd4 Rc8 25. Qb2 Qxg3 26. Rhg1 Ne3 27. Rd3 Qf2 28. Rc1 Nxd5 29. exd5 Bf5 30. Rb3 Rxc2 31. Rxc2 Qe1+ 32. Qc1 Bxc2+ 33. Kxc2 Rc5+ 0-1

[Event "ESP-ch U18"]
[Site "Padron"]
[Date "2008.07.29"]
[Round "4"]
[White "Jimenez Serna, Alvaro"]
[Black "Pueyo Burrel, David"]
[Result "1-0"]
[WhiteElo "1947"]
[BlackElo "2126"]
[PlyCount "67"]
[EventDate "2008.07.27"]
[EventType "swiss"]
[EventRounds "9"]
[EventCountry "ESP"]
[SourceTitle "CBM 125 Extra"]
[Source "ChessBase"]
[SourceDate "2008.09.01"]
[SourceVersion "1"]
[SourceVersionDate "2008.09.01"]
[SourceQuality "1"]

1. e4 c5 2. Nc3 Nc6 3. g3 g6 4. Bg2 Bg7 5. Nge2 d6 6. 0-0 e6 7. d3 Rb8 8. Be3 Nd4 9. Qd2 b5 10. Rae1 Qa5 11. a3 b4 12. Nd1 Qa4 13. Bxd4 cxd4 14. axb4 Rxb4 15. c3 Rb8 16. f4 Ba6 17. f5 Bh6 18. Nf4 e5 19. Qe2 exf4 20. e5 d5 21. Bxd5 Qd7 22. c4 Ne7 23. Bxf7+ Kf8 24. f6 Nf5 25. Bd5 Bb7 26. e6 Qd6 27. e7+ Nxe7 28. fxe7+ Ke8 29. Bxb7 Rxb7 30. Qg4 Qd7 31. Qh4 Bg7 32. Qxf4 Qf5 33. Qd6 Qd7 34. Rf8+ 1-0

[Event "Catalunya-ch U20"]
[Site "Catalunya"]
[Date "2008.03.21"]
[Round "4"]
[White "Montiel Baeza, Alex"]
[Black "Pueyo Burrel, David"]
[Result "0-1"]
[WhiteElo "1863"]
[BlackElo "2085"]
[PlyCount "94"]
[EventDate "2008.03.19"]
[EventType "swiss"]
[EventRounds "9"]
[EventCountry "ESP"]
[SourceTitle "EXT 2010"]
[Source "ChessBase"]
[SourceDate "2010.11.25"]
[SourceVersion "1"]
[SourceVersionDate "2010.11.25"]
[SourceQuality "1"]

1. e4 d6 2. d4 Nf6 3. Nc3 g6 4. g3 Bg7 5. Bg2 0-0 6. Nge2 Nbd7 7. 0-0 c6 8. h3 e5 9. Be3 Re8 10. Qc1 Qc7 11. Kh2 b5 12. a3 Rb8 13. dxe5 dxe5 14. Rd1 Bf8 15. Qd2 a5 16. Nc1 Bb7 17. Nd3 Ba8 18. f3 c5 19. Nf2 Red8 20. Qe1 c4 21. Ne2 b4 22. axb4 Bxb4 23. Bd2 Bxd2 24. Qxd2 Rxb2 25. Rxa5 c3 26. Qxc3 Qxc3 27. Nxc3 Rxc2 28. Rda1 Bc6 29. Ncd1 Nc5 30. R1a2 Rc1 31. Ra1 Rxa1 32. Rxa1 Rd2 33. Rc1 Nfd7 34. Kg1 h5 35. Ne3 Rxf2 36. Nc4 Nd3 37. Rc3 N7c5 38. Nxe5 Bb5 39. Nxd3 Nxd3 40. Bf1 Rxf3 41. Rb3 Bc4 42. Rc3 Ne5 43. Rxc4 Nxc4 44. Bxc4 Rxg3+ 45. Kh2 h4 46. Bd5 Kg7 47. Bc6 f5 0-1

[Event "Garcia Ilundain Memorial U20"]
[Site "Catalunya"]
[Date "2006.??.??"]
[Round "?"]
[White "Oms Fuentes, Lluis"]
[Black "Pueyo Burrel, David"]
[Result "1-0"]
[WhiteElo "2327"]
[BlackElo "2063"]
[PlyCount "79"]
[EventDate "2006.??.??"]
[EventType "swiss"]
[EventRounds "9"]
[EventCountry "ESP"]
[SourceTitle "EXT 2022"]
[Source "ChessBase"]
[SourceDate "2021.10.06"]
[SourceVersion "1"]
[SourceVersionDate "2021.10.06"]
[SourceQuality "1"]

1. e4 c5 2. Nf3 Nc6 3. d4 cxd4 4. Nxd4 g6 5. c4 Bg7 6. Nc2 d6 7. Nc3 Nf6 8. Bd3 0-0 9. 0-0 a5 10. b3 Nd7 11. Qd2 Nc5 12. Bb2 Nxd3 13. Qxd3 Nb4 14. Qd2 Nxc2 15. Qxc2 Bd7 16. a4 Bc6 17. Rfe1 Re8 18. Nd5 Bxd5 19. exd5 Bxb2 20. Qxb2 e5 21. dxe6 Rxe6 22. Rxe6 fxe6 23. Qd4 Qe7 24. Rd1 Ra6 25. Rd3 Qg7 26. Qg4 Qa1+ 27. Rd1 Qe5 28. Qh4 Qe2 29. Qd8+ Kg7 30. Rf1 Qe4 31. h3 Rc6 32. Qd7+ Kh6 33. Qxb7 Rxc4 34. Qb8 Rb4 35. Qf8+ Kg5 36. f4+ Kh5 37. Rf3 Qe1+ 38. Kh2 Qe2 39. Rg3 h6 40. Rg5+ 1-0

[Event "Garcia Ilundain Memorial U20"]
[Site "Catalunya"]
[Date "2006.??.??"]
[Round "?"]
[White "Pueyo Burrel, David"]
[Black "Ramon Solans, Albert"]
[Result "1-0"]
[WhiteElo "2063"]
[BlackElo "2064"]
[PlyCount "74"]
[EventDate "2006.??.??"]
[EventType "swiss"]
[EventRounds "9"]
[EventCountry "ESP"]
[SourceTitle "EXT 2022"]
[Source "ChessBase"]
[SourceDate "2021.10.06"]
[SourceVersion "1"]
[SourceVersionDate "2021.10.06"]
[SourceQuality "1"]

1. e4 d6 2. d4 g6 3. Nc3 a6 4. Be3 Bg7 5. Qd2 b5 6. Bd3 Bb7 7. Nf3 Nd7 8. Ne2 c5 9. c3 Ngf6 10. Ng3 Ng4 11. 0-0 Nxe3 12. Qxe3 0-0 13. Bc2 Rc8 14. Bb3 c4 15. Bc2 a5 16. a3 Qb6 17. Qe2 Qc7 18. Qd2 Nf6 19. Rfe1 Rfd8 20. h4 Bc6 21. h5 Ng4 22. hxg6 hxg6 23. Qg5 Bd7 24. Qd2 Bh6 25. Qd1 e5 26. Ne2 f5 27. Nh4 f4 28. Nxg6 Be8 29. Nexf4 exf4 30. Qxg4 Qg7 31. Ne7+ Kf7 32. Qxg7+ Bxg7 33. Nxc8 Rxc8 34. e5 dxe5 35. dxe5 Bc6 36. Rad1 Bf8 37. Be4 Bd7 1-0